000 00731nam a2200265Ia 4500
003 OSt
005 20220918223804.0
006 a|||||r|||| 00| 0
007 ta
008 220917b |||||||| |||| 00| 0 eng d
024 _a225,132
037 _cTextual
040 _aARTS
_cARTS
_beng
041 _2eng
_aeng
082 _aR693x7,1, 15P5
100 _aMallisena
_9146656
245 0 _aSyadvada manjari
260 _aDelhi
_bAkshaya prakashan India
_c2005
300 _acxxv, 379,74p
_ccm.
490 _aBombay sanskrit and prakrit
650 _aJAIN PHILOSOPHY
700 _a Dhruva A.B. Ed.
_9146657
942 _hR693x7,1, 15P5
_cTEXL
_2CC
999 _c279472
_d279472